Bitácora de cuentos (Registro nro. 75888)
[ vista simple ]
| 000 -CABECERA | |
|---|---|
| fixed length control field | 00443nam a22001937a 4500 |
| 003 - IDENTIFICADOR DEL NUMERO DE CONTROL | |
| control field | bpm |
| 005 - FECHA Y HORA DE LA ULTIMA TRANSACCION | |
| control field | 20260316074518.0 |
| 008 - ELEMENTOS DE LONGITUD FIJA -- INFORMACION GENERAL | |
| fixed length control field | 240502b2021 ||| |||| |||| 001 1 spa d |
| 020 ## - NUMERO INTERNACIONAL NORMALIZADO PARA LIBROS | |
| Número Internacional Normalizado para Libros | 9789508876164 |
| 024 ## - OTRO IDENTIFICADOR NORMALIZADO | |
| Número o código normalizado | S. C. C. / M. C. y E. M.: |
| 040 ## - FUENTE DE CATALOGACION | |
| Código de la agencia catalogadora original | AR-CtUCP |
| 041 ## - LANGUAGE CODE | |
| Código de Idioma para texto o pista de sonido o título separado | spa |
| 080 ## - CLASIFICACIÓN DECIMAL UNIVERSAL | |
| Clasificación Decimal Universal | CDU |
| 100 ## - ASIENTO PRINCIPAL--NOMBRE PERSONAL | |
| Nombre del autor personal | Ríos Nacha |
| 245 ## - MENCION DE TITULO | |
| Titulo | Bitácora de cuentos |
| 260 ## - PUBLICACION, DISTRIBUCION, ETC. (PIE DE IMPRENTA) | |
| Lugar | Buenos Aires |
| Editor | Argenta |
| Fecha | 2021 |
| 942 ## - TIPO DE MATERIAL | |
| Tipo de Item | LIBRO |
| Estado Perdido | Fuente de Clasificacion | Estado de Daño | Ubicacion Permanente | Ubicacion Actual | Sala | Fecha de Adquisicion | Signatura Topografica Completa | Numero de Inventario | Date last seen | Date last borrowed | Tipo de Ejemplar |
|---|---|---|---|---|---|---|---|---|---|---|---|
| CDU | Biblioteca Regional de Poesía | Biblioteca Regional de Poesía | Biblioteca | 02/05/2024 | 82 RIO b | P 43 | 21/08/2024 | 21/08/2024 | LIBRO |
